Romania´s accession to the European union-political will, political capacity and political conditionality: the perspectives of Brussels and Bucharest
Pohľad na politické postavenie EU zameranej separátne na politickú vôľu a politické možnosti štátov, príklad Rumunsko. Negatívny obraz Rumunska v Európe. Kritika Rumunska zo strany EU. Zložitosť koordinácie medzi ministerstvami, častá administratívna reorganizácia, značná nedostatočnosť spolupôsoben...
Saved in:
| Main Author: | |
|---|---|
| Format: | Book Chapter |
| Language: | English |
| Subjects: | |
| Tags: |
No Tags, Be the first to tag this record!
|
MARC
| LEADER | 00000naa$a2200000$$$4500 | ||
|---|---|---|---|
| 001 | 0052349 | ||
| 005 | 20231009111904.4 | ||
| 041 | 0 | |a eng | |
| 044 | |a SK | ||
| 245 | 1 | 0 | |a Romania´s accession to the European union-political will, political capacity and political conditionality: the perspectives of Brussels and Bucharest |c Geoffrey Pridham |
| 520 | |a Pohľad na politické postavenie EU zameranej separátne na politickú vôľu a politické možnosti štátov, príklad Rumunsko. Negatívny obraz Rumunska v Európe. Kritika Rumunska zo strany EU. Zložitosť koordinácie medzi ministerstvami, častá administratívna reorganizácia, značná nedostatočnosť spolupôsobenia zamestnancov. | ||
| 610 | 2 | 0 | |a Európska únia |
| 610 | 2 | 0 | |a politika zahraničná |
| 610 | 2 | 0 | |a moc štátna |
| 610 | 2 | 0 | |a sektor verejný |
| 610 | 2 | 0 | |a Rumunsko |
| 100 | 1 | |a Pridham, Geoffrey | |